LEADER 02174nam2 22004693i 450 001 IEI0094404 005 20251003044158.0 010 $a887011631X 100 $a19951002d1995 ||||0itac50 ba 101 | $aita 102 $ait 181 1$6z01$ai $bxxxe 182 1$6z01$an 183 1$6z01$anc$2RDAcarrier 200 1 $aˆ6: La ‰parte delle donne 210 $aTorino$cRosenberg & Sellier$d1995 215 $a241 p.$d28 cm. 314 $aBNI/2003$9TO0V034186 461 1$1001IEI0057164$12001 $aRapporto su Lo sviluppo umano$fUNDP$v6 500 11$aHuman development report 1995.$3MIL0391099$956028 606 $aPari opportunità$2FIR$3CFIC169500$9E 676 $a303.44$9CRESCITA E SVILUPPO SOCIALE$v19 676 $a303.44$9CRESCITA E SVILUPPO SOCIALE$v20 676 $a305.42$9DONNE. RUOLO SOCIALE E CONDIZIONE$v23 712 02$aUnited nations development programme$3TO0V034186 791 02$aPNUD$3LIGV002339$zUnited nations development programme 791 02$aProgramme des Nations unies pour le développement$3MILV138068$zUnited nations development programme 791 02$aUNDP$3TO0V034187$zUnited nations development programme 791 02$aProgramma delle Nazioni Unite per lo sviluppo$3UFIV075805$zUnited nations development programme 791 02$aPNUS$3UFIV075806$zUnited nations development programme 791 02$aPNUD$3LIGV002339$zUnited nations development programme 791 02$aProgramme des Nations unies pour le développement$3MILV138068$zUnited nations development programme 791 02$aUNDP$3TO0V034187$zUnited nations development programme 791 02$aProgramma delle Nazioni Unite per lo sviluppo$3UFIV075805$zUnited nations development programme 791 02$aPNUS$3UFIV075806$zUnited nations development programme 801 3$aIT$bIT-000000$c19951002 850 $aIT-BN0095 $aIT-NA0075 912 $aIEI0094404 950 2$aBiblioteca Centralizzata di Ateneo$cv. 1;6$d 01POZZO LIB.ECON MON 5590$e 0101 0000131485E VMA (0006 v. 6$fB $h20210331$i20210331 977 $a 01$a GE 996 $aHuman Development Report 1995$956028 997 $aUNISANNIO